000 00868 a2200241 4500
003 UA-OsUOA
005 20260304172300.0
008 260304b un ||||| |||| 00| 0 ukr d
020 _a9780986783807
040 _aUA-OsUOA
_beng
_cUA-OsUOA
_dUA-OsUOA
041 _aeng
080 _a94(477).075
090 _a94(477).075
_bV92
100 _aVorotylenko M.
_924263
245 _aHolodomor in Ukraine: the Facts Speak for Themselves
_nSecond Edition
246 _aHow current official Rusian statistics confirm the Ukrainian famine-genoside in 1932–1933
260 _c2013
_aEdmonton
_bForgotten Heritage Publishing
300 _a100 p.
650 _2UDC
_aІсторія України
_924264
942 _cBK
_2udc
955 _a1
999 _c578978
_d578978